[Event "Challenje"]
[Site "http://www.queenalice.com/game.php?id=916213"]
[Date "2011.3.23"]
[Round "-"]
[White "Burkina_Fasso"]
[Black "Jmignet"]
[Result "1-0"]
[WhiteElo "2061"]
[BlackElo "1304"]

1. e4 e5 2. Nf3 Nc6 3. Bc4 Bc5 4. O-O Nf6 5. Nc3 d6 6. Ng5 h6 7. Nxf7 Bg4 8. Qe1
Qe7 9. Nxh8 Nd4 10. Ng6 Qd7 11. Qe3 Nxc2 12. Nxe5 Qc8 13. Qf4 Nxa1 14. Nd5 dxe5
15. Nxf6+ gxf6 16. Qxf6 h5 17. h3 Be7 18. Qf7+ Kd7 19. hxg4 Kd6 20. Qd5# 1-0

[Event "Challenge"]
[Site "http://www.queenalice.com/game.php?id=917019"]
[Date "2011.3.24"]
[Round "-"]
[White "viiwasso"]
[Black "Jmignet"]
[Result "0-1"]
[WhiteElo "1023"]
[BlackElo "1100"]

1. d4 c5 2. Nf3 Nc6 3. e3 cxd4 4. exd4 d5 5. Bb5 Qa5+ 6. Nc3 Bg4 7. O-O e5 8.
Qd3 e4 9. Ne5 exd3 10. Bxd3 Nxe5 11. dxe5 d4 12. Ne4 O-O-O 13. Bf4 f5 14. Ng3 g6
15. f3 Bh6 16. Ne2 Bxf4 17. Nxf4 Qxe5 18. Ne2 h5 19. fxg4 hxg4 20. Rac1 Nf6 21.
c3 Qe3+ 22. Rf2 g3 23. Bxf5+ gxf5 24. cxd4+ Kb8 25. hxg3 Ng4 26. Rc3 Qxf2# 0-1

[Event "Challenge"]
[Site "http://www.queenalice.com/game.php?id=917455"]
[Date "2011.3.25"]
[Round "-"]
[White "vitu02"]
[Black "Jmignet"]
[Result "0-1"]
[WhiteElo "990"]
[BlackElo "1262"]

1. Nc3 e5 2. b3 g6 3. g4 h5 4. gxh5 Rxh5 5. e4 f5 6. Bc4 Nf6 7. h4 fxe4 8. Qe2
d5 9. Bb5+ c6 10. Ba4 Bg4 11. Qf1 Nbd7 12. Nce2 Bxe2 13. Nxe2 Ng4 14. Qg1 Ndf6
15. Bb2 Bd6 16. Rd1 a6 17. c4 b5 18. cxb5 axb5 19. Ra1 bxa4 20. bxa4 d4 21. Bc1
Rxa4 22. a3 Qa5 23. Qg3 d3 24. Nc3 Rc4 25. f3 exf3 26. Qxf3 e4 27. Qf1 Bg3+ 28.
Kd1 Rxc3 29. Rb1 Qa4+ 0-1

[Event "Challenge"]
[Site "http://www.queenalice.com/game.php?id=925362"]
[Date "2011.4.13"]
[Round "-"]
[White "Jmignet"]
[Black "Farao"]
[Result "1-0"]
[WhiteElo "1304"]
[BlackElo "1407"]

1. d4 e6 2. e4 Nc6 3. Nf3 Bb4+ 4. c3 Ba5 5. b4 Bb6 6. Bc4 a5 7. b5 Nce7 8. a4
Nf6 9. Nbd2 d5 10. exd5 exd5 11. Bb3 Nf5 12. g4 Nxg4 13. Rg1 h5 14. h3 Qe7+ 15.
Qe2 O-O 16. hxg4 hxg4 17. Nh2 c6 18. Bc2 cxb5 19. Bxf5 Re8 20. Bxg4 Bd7 21. Qxe7
Rxe7+ 22. Be2 bxa4 23. Ndf3 Rc8 24. Ba3 Re4 25. Ng5 Rh4 26. Bg4 Rxc3 27. Bxd7
Rxh2 28. Be8 f6 29. Kd2 Rxf2+ 30. Kxc3 Rf4 31. Ne6 Rf3+ 32. Kd2 g5 33. Bg6 Rf2+
34. Ke3 Rc2 35. Rac1 Rc6 36. Rxc6 bxc6 37. Rc1 g4 38. Bc5 Bxc5 39. dxc5 g3 40.
Rb1 g2 41. Rb8# 1-0

[Event "Challenge"]
[Site "http://www.queenalice.com/game.php?id=926715"]
[Date "2011.4.16"]
[Round "-"]
[White "Jmignet"]
[Black "palergiuseppe"]
[Result "0-1"]
[WhiteElo "1405"]
[BlackElo "1337"]

1. d4 d6 2. Nf3 Bf5 3. Nc3 Nf6 4. Bf4 Ne4 5. Nxe4 Bxe4 6. e3 Nd7 7. Bd3 Bxf3 8.
Qxf3 c6 9. c4 Qa5+ 10. Ke2 O-O-O 11. Rhe1 g6 12. a3 Bg7 13. b4 Qc7 14. c5 e5 15.
cxd6 Qxd6 16. dxe5 Bxe5 17. Bxe5 Nxe5 18. Qh3+ f5 19. Red1 Nxd3 20. Rxd3 Qxd3+
0-1

[Event "Challenge"]
[Site "http://www.queenalice.com/game.php?id=932226"]
[Date "2011.4.30"]
[Round "-"]
[White "SirShawn"]
[Black "Jmignet"]
[Result "0-1"]
[WhiteElo "1255"]
[BlackElo "1327"]

1. e3 e5 2. a4 Nc6 3. Ra3 Bxa3 4. bxa3 d5 5. Nc3 Nf6 6. d4 exd4 7. exd4 Qe7+ 8.
Be3 Ng4 9. Qe2 Nxe3 10. fxe3 Qxa3 11. Qd2 Qa1+ 12. Nd1 Qxa4 13. Qc3 Qb4 14. Qxb4
Nxb4 15. c3 Nc2+ 16. Kd2 Bf5 17. Bd3 Bxd3 18. Kxd3 Ne1+ 19. Ke2 Nxg2 20. h4 O-O
21. Rh2 Nf4+ 22. exf4 a5 23. c4 dxc4 24. Nc3 a4 25. Nxa4 Rxa4 26. f5 Ra2+ 0-1

[Event "Challenge"]
[Site "http://www.queenalice.com/game.php?id=943960"]
[Date "2011.5.29"]
[Round "-"]
[White "juliocat"]
[Black "Jmignet"]
[Result "0-1"]
[WhiteElo "1226"]
[BlackElo "1420"]

1. g3 d5 2. e3 e5 3. c3 c5 4. h4 Nc6 5. a3 Nf6 6. Nf3 Bg4 7. Bh3 e4 8. Bxg4 Nxg4
9. Ng5 h6 10. b4 hxg5 11. Qxg4 a6 12. d4 cxd4 13. exd4 g6 14. Bxg5 Be7 15. Nd2
Bxg5 16. Qxg5 Qxg5 17. Nf1 Qe7 18. Ne3 O-O-O 19. a4 f5 20. f4 exf3 21. O-O Qxe3+
22. Rf2 f4 23. gxf4 Qxf4 24. b5 Qg3+ 25. Rg2 fxg2 26. bxc6 Rxh4 27. cxb7+ Kxb7
28. Rb1+ Kc6 29. Rf1 Qh2+ 30. Kf2 Rf8+ 31. Ke3 Re4+ 32. Kd3 gxf1=Q# 0-1

[Event "Challenge"]
[Site "http://www.queenalice.com/game.php?id=943961"]
[Date "2011.5.29"]
[Round "-"]
[White "Jmignet"]
[Black "juliocat"]
[Result "1-0"]
[WhiteElo "1443"]
[BlackElo "1254"]

1. e4 e5 2. Nf3 f6 3. d4 exd4 4. Nxd4 c5 5. Nb3 a5 6. Be3 Na6 7. Nxa5 b6 8. Nb3
Ne7 9. Nc3 h5 10. h4 d5 11. exd5 Nf5 12. Bc4 g6 13. O-O Nxh4 14. Re1 Ra7 15.
Bxc5+ Re7 16. Bxe7 Bxe7 17. d6 Nf5 18. dxe7 Nxe7 19. Bb5+ Bd7 20. Bxa6 O-O 21.
Bc4+ Kh8 22. Nd5 Nxd5 23. Bxd5 Bg4 24. Bf3 Re8 25. Rxe8+ Qxe8 26. Bxg4 hxg4 27.
Qxg4 f5 28. Qd4+ Kh7 29. Qxb6 f4 30. a4 f3 31. gxf3 g5 32. Nd4 Qg6 33. a5 g4 34.
Qc7+ Qg7 35. Ne6 Qxc7 36. Nxc7 gxf3 37. a6 Kh6 38. a7 Kh5 39. a8=Q Kh4 40. Qxf3
Kg5 41. Kh2 Kg6 42. Rg1+ Kh6 43. Qh3# 1-0

[Event "Challenge"]
[Site "http://www.queenalice.com/game.php?id=944322"]
[Date "2011.5.30"]
[Round "-"]
[White "shatranj"]
[Black "Jmignet"]
[Result "0-1"]
[WhiteElo "1343"]
[BlackElo "1374"]

1. h4 d5 2. Rh3 Bxh3 3. Nxh3 e5 4. d4 Nc6 5. e3 exd4 6. exd4 Nf6 7. c4 h5 8. Nf4
g6 9. cxd5 Nxd5 10. Bc4 Nxf4 11. Bxf4 Qxd4 12. Qc1 Bb4+ 13. Bd2 O-O-O 14. Bc3
Bxc3+ 15. bxc3 Rhe8+ 16. Be2 Qxh4 17. Nd2 Qh1+ 18. Nf1 Qxg2 19. Qf4 Ne7 20. Qh2
Qc6 21. Rc1 Nf5 22. Qh3 Qe4 23. f3 Qxe2# 0-1

[Event "Challenge"]
[Site "http://www.queenalice.com/game.php?id=947859"]
[Date "2011.6.9"]
[Round "-"]
[White "cex5"]
[Black "Jmignet"]
[Result "1-0"]
[WhiteElo "1309"]
[BlackElo "1494"]

1. e4 c5 2. Qf3 e5 3. Bc4 Nf6 4. d3 Nc6 5. Ne2 a6 6. Bg5 b5 7. Bd5 Qa5+ 8. Bd2
b4 9. a3 Nxd5 10. exd5 Nd4 11. Nxd4 exd4 12. O-O d6 13. Bg5 f6 14. Re1+ Kf7 15.
Nd2 Bg4 16. Qxg4 g6 17. Nc4 Qb5 18. Bh6 Re8 19. Bxf8 Rxe1+ 20. Rxe1 Kxf8 21. Qh4
Kg7 22. Re7+ Kf8 23. Qxf6+ Kg8 24. Qf7# 1-0

[Event "Challenge"]
[Site "http://www.queenalice.com/game.php?id=948885"]
[Date "2011.6.12"]
[Round "-"]
[White "shatranj"]
[Black "Jmignet"]
[Result "0-1"]
[WhiteElo "1361"]
[BlackElo "1446"]

1. e4 c5 2. Nf3 Nc6 3. Bc4 e6 4. O-O d5 5. d3 dxc4 6. Bg5 Be7 7. Bf4 cxd3 8.
cxd3 Bd6 9. e5 Bc7 10. Nc3 f6 11. d4 Nxd4 12. Qd3 Nxf3+ 13. Qxf3 Bxe5 14. Qh5+
Ke7 15. Bxe5 fxe5 16. Qg5+ Nf6 17. Qxe5 b6 18. Qg5 Ba6 19. Rfe1 h6 20. Qxg7+ Kd6
21. Qg3+ Ke7 22. Qe3 Qd7 23. Rad1 Qc6 24. Rd3 Bxd3 25. Qxd3 Rad8 26. Qg6 Rhg8
27. Qxh6 Qxg2# 0-1

[Event "Challenge"]
[Site "http://www.queenalice.com/game.php?id=950093"]
[Date "2011.6.15"]
[Round "-"]
[White "Jmignet"]
[Black "juliocat"]
[Result "1-0"]
[WhiteElo "1480"]
[BlackElo "1267"]

1. d4 d5 2. c4 e6 3. Nc3 dxc4 4. e4 Nf6 5. Bg5 h6 6. Bxf6 gxf6 7. Bxc4 Rg8 8. g3
c6 9. f4 b5 10. Bb3 b4 11. Na4 Na6 12. a3 bxa3 13. bxa3 e5 14. Qh5 Rg7 15. dxe5
fxe5 16. Qxh6 Rb8 17. Qxc6+ Qd7 18. Qc4 f5 19. Rd1 Qc7 20. exf5 Bxa3 21. f6 Bb4+
22. Kf2 Bc5+ 23. Nxc5 Nxc5 24. fxg7 Qxg7 25. Qxc5 Bb7 26. Ba4+ Kf7 27. Rd7+ Kg8
28. Rxg7+ Kxg7 29. Qxe5+ Kg6 30. Qxb8 Bxh1 31. Qd6+ Kf7 32. Bb3+ Ke8 33. Be6 a5
34. Qd7+ Kf8 35. Qf7# 1-0

[Event "Challenge"]
[Site "http://www.queenalice.com/game.php?id=950255"]
[Date "2011.6.16"]
[Round "-"]
[White "Jmignet"]
[Black "juliocat"]
[Result "1-0"]
[WhiteElo "1470"]
[BlackElo "1214"]

1. e4 e5 2. f4 exf4 3. Nf3 c6 4. d4 Qa5+ 5. Nc3 Nf6 6. Bxf4 d6 7. a3 Ng4 8. h3
g5 9. Bxg5 h6 10. Bf4 Nf6 11. b4 Qb6 12. e5 Nd5 13. Qd2 Be7 14. exd6 Nxf4 15.
dxe7 Kxe7 16. Qxf4 Be6 17. d5 cxd5 18. Nd4 Bd7 19. Nxd5+ Kd8 20. Nxb6 axb6 21.
O-O-O Nc6 22. Nxc6+ bxc6 23. Qf6+ Kc7 24. Qd6+ Kb7 25. Qxd7+ Kb8 26. Qxc6 Rc8
27. Qxb6# 1-0

[Event "Challenge"]
[Site "http://www.queenalice.com/game.php?id=960509"]
[Date "2011.7.15"]
[Round "-"]
[White "Jmignet"]
[Black "juliocat"]
[Result "1-0"]
[WhiteElo "1493"]
[BlackElo "1473"]

1. d4 Nc6 2. c4 e6 3. Nc3 e5 4. Nf3 exd4 5. Nxd4 Nxd4 6. Qxd4 c5 7. Qd1 Nf6 8.
e4 d6 9. Bd3 Qa5 10. Bd2 Bg4 11. f3 Bh5 12. g4 Bg6 13. Nd5 Qd8 14. Qa4+ b5 15.
Qxb5+ Nd7 16. Ba5 a6 17. Bxd8 axb5 18. Nc7+ Kxd8 19. Nxa8 Be7 20. h4 bxc4 21.
Bxc4 h5 22. Rg1 Bxh4+ 23. Ke2 Re8 24. Bd5 Ke7 25. a4 c4 26. Nc7 Rc8 27. Nb5 Rf8
28. a5 Nb8 29. a6 Bf6 30. Rgb1 hxg4 31. fxg4 Kd7 32. a7 Nc6 33. a8=Q Rxa8 34.
Rxa8 Nd4+ 35. Nxd4 Bxd4 36. b4 c3 37. Kd1 Bh7 38. b5 f5 39. Rh8 Bg6 40. exf5 Be8
41. b6 c2+ 42. Kxc2 g5 43. Be6+ Ke7 44. Rh7+ Kd8 45. b7 Ba4+ 46. Kd3 Ba7 47.
b8=Q+ Bxb8 48. Rxb8# 1-0

[Event "Challenge"]
[Site "http://www.queenalice.com/game.php?id=977261"]
[Date "2011.8.26"]
[Round "-"]
[White "juliocat"]
[Black "Jmignet"]
[Result "0-1"]
[WhiteElo "1471"]
[BlackElo "1516"]

1. d4 d5 2. c3 f6 3. e3 e5 4. Bb5+ Bd7 5. Ba4 a6 6. b4 Bxa4 7. Qxa4+ Qd7 8. Qd1
a5 9. Qh5+ g6 10. Qd1 axb4 11. dxe5 fxe5 12. cxb4 Nf6 13. a4 b5 14. Nc3 Bxb4 15.
Bd2 O-O 16. Nxb5 Bxd2+ 17. Qxd2 Ne4 18. Qe2 c6 19. f3 cxb5 20. fxe4 d4 21. Nf3
d3 22. Qa2+ Kh8 23. Nxe5 Qe8 24. Nxd3 Rxa4 25. Qb2+ Kg8 26. e5 Rxa1+ 27. Qxa1
Nc6 28. Rf1 b4 29. Qa2+ Kg7 30. h4 Qa8 31. Qe6 Qa1+ 32. Kd2 Qxf1 33. Qxc6 Qa1
34. Qb7+ Rf7 35. e6 Rxb7 36. Ne5 Qxe5 37. g4 b3 38. e7 Rxe7 39. g5 Qxe3+ 40. Kd1
Rd7# 0-1

[Event "Game"]
[Site "http://www.queenalice.com/game.php?id=983890"]
[Date "2011.9.11"]
[Round "-"]
[White "Jmignet"]
[Black "ipontelo"]
[Result "1-0"]
[WhiteElo "1537"]
[BlackElo "1303"]

1. d4 d5 2. c4 dxc4 3. Nc3 c6 4. e4 Nf6 5. Bxc4 Bg4 6. Nf3 e6 7. h3 Bh5 8. Qb3
Qd7 9. Be3 Na6 10. Ne5 Qd6 11. Qxb7 Nc7 12. Nxc6 a6 13. Bxa6 Nd7 14. Nb5 Qb4+
15. Nxb4 Bxb4+ 16. Bd2 Be7 17. Nxc7+ Kd8 18. Nxa8 Ke8 19. Qc8+ Bd8 20. Nc7+ Ke7
21. Bb4+ Kf6 22. e5+ Nxe5 23. dxe5+ Kxe5 24. f4+ Kxf4 25. O-O+ Ke5 26. Bc3+ Ke4
27. Rae1+ Be2 28. Rxe2# 1-0

[Event "Challenge"]
[Site "http://www.queenalice.com/game.php?id=984377"]
[Date "2011.9.12"]
[Round "-"]
[White "Jmignet"]
[Black "juliocat"]
[Result "1-0"]
[WhiteElo "1546"]
[BlackElo "1438"]

1. d4 d5 2. c4 dxc4 3. Nc3 e6 4. e4 Bb4 5. Bxc4 a6 6. Qa4+ b5 7. Bxb5+ c6 8.
Qxb4 cxb5 9. Nf3 a5 10. Qc5 b4 11. Nb5 Nd7 12. Nc7+ Qxc7 13. Qxc7 Ngf6 14. Ne5
O-O 15. f3 Ra6 16. Bg5 h6 17. Bxf6 gxf6 18. Nxd7 Rd8 19. Qxd8+ Kg7 20. Qxc8 Rd6
21. Qf8+ Kg6 22. Qxd6 Kg7 23. Qf8+ Kg6 24. g4 a4 25. h4 a3 26. Qg8# 1-0